Born in Dudley - Statistics

General Stats
  • This quiz has been taken 13 times
  • The average score is 3 of 6
Answer Stats
Hint Answer % Correct
Comedian and actor, he was the most prominent black British comedain in the late 70s and early 80s 1958 Lenny Henry
92%
Footballer who played for Manchester United and the English national team. He died as a result of the Munich air disaster at the age of 21. 1936 Duncan Edwards
85%
Football manager who coached Bolton, West Ham and other Premier League teams. He was appointed as manager of the English national team in 2016, but resigned after allegations of corruption. 1954 Sam Allardyce
77%
Director, "Frankenstein" "The Invisible Man" "Bride of Frankenstein" 1889 James Whale
38%
Computer scientist and pioneer who invented microprogramming 1913 Maurice Wilkes
31%
Wrestler who performs on the NXT brand of the WWE 1997 Tyler Bate
23%
No matching quizzes found
Score Distribution
Percent of People with Each Score
Percentile by Number Answered
Your Score History
You have not taken this quiz